Introduction to psychoneuroimmunology /

Bibliographic Details
Main Author: Daruna, Jorge Hilarion
Format: Book
Language:English
Published: Amsterdam ; Boston : Elsevier Academic Press, [2004]
Subjects:

MARC

Tag First Indicator Second Indicator Subfields
LEADER 00000cam a22000004a 4500
001 in00002010586
005 20151031144931.0
008 040820s2004 ne a b 001 0 eng
016 7 |a 101230648  |2 DNLM 
020 |a 0122034562 (alk. paper) 
035 |a (OCoLC)ocm56323039 
040 |a NLM  |c NLM  |d TEF  |d LTM  |d TXA  |d UtOrBLW 
042 |a pcc 
049 |a TXAM 
050 4 |a QP356.47  |b .D37 2004 
060 0 0 |a 2004 K-863 
060 1 0 |a WL 103.7  |b D227i 2004 
100 1 |a Daruna, Jorge Hilarion. 
245 1 0 |a Introduction to psychoneuroimmunology /  |c Jorge H. Daruna. 
264 1 |a Amsterdam ;  |a Boston :  |b Elsevier Academic Press,  |c [2004] 
264 4 |c ©2004 
300 |a xviii, 280 pages :  |b illustrations ;  |c 24 cm. 
336 |a text  |b txt  |2 rdacontent 
337 |a unmediated  |b n  |2 rdamedia 
338 |a volume  |b nc  |2 rdacarrier 
504 |a Includes bibliographical references and index. 
505 0 |a Historical antecedents -- Immune system basics -- Endocrine-immune modulation -- Neuro-immune modulation -- Stress, contextual change, and disease -- Psychosocial stress: neuroendocrine and immune effects -- Infection, allergy, and psychosocial stress -- Cancer, autoimmunity, and psychosocial stress -- Immune activity and psychopathology -- Immune function enhancement -- Integration and implications. 
650 1 2 |a Psychoneuroimmunology. 
650 0 |a Psychoneuroimmunology. 
948 |a cataloged  |b h  |c 2004/12/2  |d c  |e ceaton  |f 2:36:48 pm 
994 |a C0  |b TXA 
999 |a MARS 
999 f f |s 5a268ae9-b3ef-36f9-ad0e-67a34e0045c8  |i 9980ae4c-0ace-376e-989c-a295decf9688  |t 0 
952 f f |p ric  |a Texas A&M University  |b Rellis Campus  |c Joint Library Facility  |d Remote Storage  |t 0  |e QP356.47 .D37 2004  |h Library of Congress classification  |i unmediated -- volume  |m A14831628977 
998 f f |a QP356.47 .D37 2004  |t 0  |l Remote Storage